Hunger Games les tributs tome 1 - Statistiques

Statistiques générales
  • Ce quiz a été pris 383 fois
  • Le résultat moyen est 8 sur 11
Statistiques - réponses
Hint Réponse % Correct
Fille du 12 Katniss
99%
Garçon du 12 Peeta
98%
Fille du 11 Rue
98%
Garçon du 2 Cato
95%
Fille du 2 Clove
87%
Fille du 1 Glimmer
79%
Fille du 5 La Renarde
79%
Garçon du 1 Marvel
75%
Garçon du 11 Thresh
66%
Garçon du 6 Jason
14%
Fille du 4 Marina
8%
Aucun quiz correspondant
Distribution des résultats
% des personnes avec chaque résultat
Percentile par nombre de réponses
Votre historique - résultats
Vous n’avez pas pris ce quiz